Kriminologie: eine Einführung in die Lehre vom Verbrechen
| 1. VerfasserIn: | |
|---|---|
| Medienart: | Druck Buch |
| Sprache: | Deutsch |
| Veröffentlicht: |
Stuttgart Dresden [u.a.]
Boorberg
1996
|
| In: | Jahr: 1996 |
| Ausgabe: | 2., vollst. neubearb. Aufl. |
| Online-Zugang: |
Inhaltsverzeichnis |
| Bestand in Tübingen: | In Tübingen vorhanden. UB: 36 A 14855 UB: 46 A 2000 |
| Verfügbarkeit prüfen: | HBZ Gateway |
| Subito Bestelldienst: | Jetzt bestellen. |
| Schlagwörter: |
MARC
| LEADER | 00000cam a2200000 c 4500 | ||
|---|---|---|---|
| 001 | 212641085 | ||
| 003 | DE-627 | ||
| 005 | 20260206194747.0 | ||
| 007 | tu | ||
| 008 | 960706s1996 gw ||||| 00| ||ger c | ||
| 015 | |a 96,N29,0279 |2 dnb | ||
| 015 | |a 96,A39,0506 |2 dnb | ||
| 016 | 7 | |a 947907025 |2 DE-101 | |
| 020 | |a 3415021610 |c (kart.) |9 3-415-02161-0 | ||
| 035 | |a (DE-627)212641085 | ||
| 035 | |a (DE-603)049215302 | ||
| 035 | |a (DE-576)053472217 | ||
| 035 | |a (DE-599)GBV212641085 | ||
| 035 | |a (OCoLC)247182404 | ||
| 035 | |a (OCoLC)247182404 | ||
| 035 | |a (OCoLC)40354944 | ||
| 040 | |a DE-627 |b ger |c DE-627 |e rakwb | ||
| 041 | |a ger | ||
| 044 | |c XA-DE | ||
| 082 | 0 | 4 | |a 14 |q dnb |
| 084 | |a R 522 (10) |2 sfb | ||
| 084 | |a 19 |2 sdnb | ||
| 084 | |a 19 |a 14 |2 sdnb | ||
| 084 | |a PH 8030 |2 rvk |0 (DE-625)rvk/136484: | ||
| 084 | |a 86.41 |2 bkl | ||
| 100 | 1 | |a Kürzinger, Josef |d 1940- |0 (DE-588)120299178 |0 (DE-627)080587984 |0 (DE-576)292146361 |4 aut | |
| 109 | |a Kürzinger, Josef 1940- | ||
| 245 | 1 | 0 | |a Kriminologie |b eine Einführung in die Lehre vom Verbrechen |c von Josef Kürzinger |
| 250 | |a 2., vollst. neubearb. Aufl. | ||
| 263 | |a kart. | ||
| 264 | 1 | |a Stuttgart |a Dresden [u.a.] |b Boorberg |c 1996 | |
| 300 | |a 332 S. |c 21 cm | ||
| 336 | |a Text |b txt |2 rdacontent | ||
| 337 | |a ohne Hilfsmittel zu benutzen |b n |2 rdamedia | ||
| 338 | |a Band |b nc |2 rdacarrier | ||
| 490 | 0 | |a Kriminalistik und Kriminologie | |
| 505 | 8 | |a Literaturangaben | |
| 505 | 8 | |a Literaturangaben | |
| 583 | 1 | |a Archivierung/Langzeitarchivierung gewährleistet |f PEBW |x XA-DE-BW |2 pdager |5 DE-24 | |
| 583 | 1 | |a Archivierung/Langzeitarchivierung gewährleistet |f SSG |x XA-DE-BW |2 pdager |5 DE-21 | |
| 583 | 1 | |a Archivierung/Langzeitarchivierung gewährleistet |f PENI |x XA-DE-NI |2 pdager |5 DE-35 | |
| 650 | 4 | |a Kriminologie | |
| 650 | 4 | |a Wirtschaftskriminalität, Jugendkriminalität, Umweltkriminalität, organisierte Kriminalität, Ladendiebstahl, Sexualstraftat, Mord, Raub, Totschlag, Exhibitionismus, Körperverletzung | |
| 689 | 0 | 0 | |d s |0 (DE-588)4033197-0 |0 (DE-627)106258532 |0 (DE-576)209000562 |a Kriminologie |2 gnd |
| 689 | 0 | |5 DE-101 | |
| 689 | 1 | 0 | |d s |0 (DE-588)4033197-0 |0 (DE-627)106258532 |0 (DE-576)209000562 |a Kriminologie |2 gnd |
| 689 | 1 | |5 (DE-627) | |
| 856 | 4 | 2 | |u http://d-nb.info/947907025/04 |m V:DE-603 |q application/pdf |v 20130501 |x Verlag |3 Inhaltsverzeichnis |7 1 |
| 856 | 4 | 2 | |u http://scans.hebis.de/HEBCGI/show.pl?04921530_toc.pdf |m V:DE-603;B:DE-17 |q application/pdf |3 Inhaltsverzeichnis |7 1 |
| 889 | |w (DE-627)279373619 | ||
| 935 | |a mkri | ||
| 935 | |i Blocktest | ||
| 935 | |h HEB |i 0501 | ||
| 935 | |h HEB |i 0503 | ||
| 936 | r | v | |a PH 8030 |b Handbücher, Lehrbücher, Gesamtdarstellungen etc. zur gesamten Kriminologie und deren Einzelgebieten |k Rechtswissenschaft |k Strafrecht, Strafverfahrensrecht, Kriminologie |k Kriminologie |k Allgemeines |k Handbücher, Lehrbücher, Gesamtdarstellungen etc. zur gesamten Kriminologie und deren Einzelgebieten |0 (DE-627)1271948230 |0 (DE-625)rvk/136484: |0 (DE-576)201948230 |
| 936 | b | k | |a 86.41 |j Kriminologie |0 (DE-627)181572001 |
| 936 | s | n | |a p100 |2 mzub |
| 936 | s | n | |a m200 |2 mzub |
| 951 | |a BO | ||
| ELC | |b 1 | ||
| LOK | |0 000 xxxxxcx a22 zn 4500 | ||
| LOK | |0 001 3134497220 | ||
| LOK | |0 003 DE-627 | ||
| LOK | |0 004 212641085 | ||
| LOK | |0 005 20091225042951 | ||
| LOK | |0 008 961211||||||||||||||||ger||||||| | ||
| LOK | |0 040 |a DE-21 |c DE-627 |d DE-21 | ||
| LOK | |0 852 |a DE-21 | ||
| LOK | |0 852 1 |c 46 A 2000 |m p |9 00 | ||
| LOK | |0 852 2 |b LS |9 00 | ||
| LOK | |0 852 1 |c jur K 505 |9 01 | ||
| LOK | |0 935 |a alls | ||
| LOK | |0 938 |k p | ||
| LOK | |0 938 |l 33 |8 2 | ||
| LOK | |0 939 |a 11-12-96 |b l01 | ||
| LOK | |0 000 xxxxxcx a22 zn 4500 | ||
| LOK | |0 001 3134497239 | ||
| LOK | |0 003 DE-627 | ||
| LOK | |0 004 212641085 | ||
| LOK | |0 005 20091223182158 | ||
| LOK | |0 008 060726||||||||||||||||ger||||||| | ||
| LOK | |0 040 |a DE-21 |c DE-627 |d DE-21 | ||
| LOK | |0 852 |a DE-21 | ||
| LOK | |0 852 1 |c 36 A 14855 |9 00 | ||
| LOK | |0 939 |a 26-07-06 |b l02 | ||
| LOK | |0 000 xxxxxcx a22 zn 4500 | ||
| LOK | |0 001 313449843X | ||
| LOK | |0 003 DE-627 | ||
| LOK | |0 004 212641085 | ||
| LOK | |0 005 19960819000000 | ||
| LOK | |0 008 960801||||||||||||||||ger||||||| | ||
| LOK | |0 040 |a DE-Frei85 |c DE-627 |d DE-Frei85 | ||
| LOK | |0 852 |a DE-Frei85 | ||
| LOK | |0 852 1 |m p |9 00 | ||
| LOK | |0 938 |k p | ||
| LOK | |0 939 |a 01-08-96 |b l01 | ||
| ORI | |a SA-MARC-krimdoka001.raw | ||
| SIG | |a UB: 36 A 14855 | ||
| SIG | |a UB: 46 A 2000 | ||
